Merry Christmas Everyone - lyrics quiz - Statistics

General Stats
  • This quiz has been taken 141 times
  • The average score is 19 of 27
Answer Stats
Lyrics % Correct
Snow is {fallin'},
95%
Snow is {fallin'},
94%
Having {fun}
93%
Having {fun},
93%
{Children} playing,
87%
{Children} playing,
87%
It's the {season},
85%
It's the {season},
85%
{All} {around} me,
83%
{All} {around} me,
83%
We're gonna have a {party} tonight,
78%
We're gonna have a {party} tonight,
78%
For {love} {and} {understanding},
74%
For {love} {and} {understanding},
74%
{Time} for presents,
68%
Time for {singing} Christmas songs.
66%
We'll kiss by {candlelight}.
62%
We'll kiss by {candlelight}.
62%
People dancing all {night} {long},
61%
All I wish that {every} {day} was Christmas,
59%
And {exchanging} kisses,
54%
What a {nice} {way} to spend the year.
53%
I'm gonna find that {girl} {underneath} {the} {mistletoe},
51%
I'm gonna find that {girl} {underneath} {the} {mistletoe},
51%
All the {old} {songs}, we love to hear,
48%
Time for {parties} and celebration,
42%
Room is {swaying}, {records} playing,
35%
No matching quizzes found
Score Distribution
Percent of People with Each Score
Percentile by Number Answered
Your Score History
You have not taken this quiz